000 00357nam a22001577a 4500
005 20161108114022.0
008 161015b xxu||||| |||| 00| 0 eng d
020 _a978-93-83635-88-7
041 _aeng
100 _aRao,P.V
_93594
245 _aPower Semiconductor Drives
260 _bB.S.P
300 _a310
650 _aEngineering
_93677
942 _cBK
999 _c5266
_d5264